Les Maculatures de Tharrats : exposició itinerant 2009 - 2011 : recull de premsa exposició itinerant 2009 - 2011 :
Descripción Física:
[103] f. : il. ; 29 cm
Otros Autores:
Tharrats, Joan Josep, 1918-2001
MARC
| LEADER | 00000nam a2200000Ia 4500 | ||
|---|---|---|---|
| 001 | 23321 | ||
| 003 | BGR | ||
| 005 | 20260324180547.0 | ||
| 008 | 160829s2011 xx 000 0 cat d | ||
| 080 | |a B-2-251 | ||
| 245 | |a Les Maculatures de Tharrats : |b exposició itinerant 2009 - 2011 : |b recull de premsa | ||
| 260 | |a Barcelona : |b Diputació de Barcelona. Àrea de Cultura, |c 2011 | ||
| 300 | |a [103] f. : |b il. ; |c 29 cm | ||
| 650 | |a Pintura catalana |x Exposicions |9 43185 | ||
| 650 | |a Pintura moderna |x S. XX |x Catalunya |x Exposicions |9 43186 | ||
| 700 | 1 | |a Tharrats, Joan Josep, |d 1918-2001 |9 29659 | |
| 710 | 1 | |a Barcelona (Catalunya : Província). |b Àrea de Cultura |9 53536 | |
| 710 | 2 | |a Fundacció Tharrats d'Art Gràfic |9 70981 | |
| 710 | 1 | |a Pineda de Mar (Catalunya). |b Ajuntament |9 54279 | |
| 901 | |a Arxiu | ||
| 942 | |n 1 |2 udc |c MON | ||
| 952 | |0 0 |1 0 |4 0 |6 B2251 |7 1 |9 54761 |a Arxiu |b Arxiu |d 2011-11-10 |l 0 |o B-2-251 |p 23321 |r 2016-12-01 00:00:00 |w 2016-12-01 |y ARXIU | ||
| 999 | |c 58630 |d 58630 | ||